Những giá trị vĩnh hằng = Timeless values

Gồm những câu danh ngôn chuyển tải những thông điệp khác nhau, cho chúng ta cơ hội chiêm nghiệm những cung bậc và sắc màu đa dạng về thái độ sống, lòng tốt,sự quan tâm, tình yêu thương, thành công, những giá trị, sự khích lệ, ước mơ, lò...

ver descrição completa

Na minha lista:
Detalhes bibliográficos
Formato: Livro
Idioma:Undetermined
Publicado em: Thành phố Hồ Chí Minh Trẻ 2014
Assuntos:
Tags: Adicionar Tag
Sem tags, seja o primeiro a adicionar uma tag!
Thư viện lưu trữ: Trung tâm Học liệu Trường Đại học Cần Thơ
LEADER 00995nam a2200193Ia 4500
001 CTU_193663
008 210402s9999 xx 000 0 und d
020 |c 32000 
082 |a 398.9 
082 |b Nh556 
245 0 |a Những giá trị vĩnh hằng = 
245 0 |b Timeless values 
260 |a Thành phố Hồ Chí Minh 
260 |b Trẻ 
260 |c 2014 
520 |a Gồm những câu danh ngôn chuyển tải những thông điệp khác nhau, cho chúng ta cơ hội chiêm nghiệm những cung bậc và sắc màu đa dạng về thái độ sống, lòng tốt,sự quan tâm, tình yêu thương, thành công, những giá trị, sự khích lệ, ước mơ, lòng can đảm, ký ức, tình vạn, lòng nhiệt tình, sự thất bại, thời gian, hạnh phúc 
650 |a Proverbs,Châm ngôn 
910 |a Hải 
980 |a Trung tâm Học liệu Trường Đại học Cần Thơ